| 000 | 00912nam a22002297a 4500 | ||
|---|---|---|---|
| 005 | 20240111193446.0 | ||
| 007 | cr |||aaa||||| | ||
| 008 | 240111s2018 ck|a|||| |||| 000 0 spa d | ||
| 020 | _a9789585503137 | ||
| 040 |
_aMX-MxUPN _bspa _eaacr2 _cMX-MxUPN |
||
| 050 | 4 | _aLB1073 | |
| 100 | 1 |
_950812 _aLuna Rodríguez, Carmen |
|
| 245 | 1 | 0 |
_aCuadernos de trabajo comunitario : _btips pedagógicos para el apoyo emocional _h[recurso electrónico en línea] |
| 260 |
_aBogotá, Colombia : _bUniversidad Pedagógica Nacional, _c2018 |
||
| 300 |
_a1 recurso en línea (53 páginas) : _bilustraciones a color, PDF |
||
| 500 | _aEn la portada : "Licenciatura en Educación Comunitaria con Énfasis en Derechos Humanos". | ||
| 506 | 0 | _aAcceso abierto. | |
| 650 | 4 |
_911882 _aEducación emocional |
|
| 856 | _uhttp://hdl.handle.net/20.500.12209/13562 | ||
| 902 | _aVíctorGodínez/110124 | ||
| 942 |
_2lcc _cLIBRO-E |
||
| 999 |
_c210752 _d210752 |
||